Name the Australian Sports Person #1 - Statistics

General Stats
  • This quiz has been taken 52 times
  • The average score is 13 of 28
Answer Stats
Picture Answer % Correct
Ashleigh Barty
88%
Sam Kerr
78%
Steve Smith
78%
Nathan Lyon
76%
Lance ‘Buddy’ Franklin
69%
Daniel Ricciardo
67%
Pat Cummins
67%
Ben Simmons
59%
Nick Kyrgios
59%
Nathan Cleary
55%
Patrick Dangerfield
55%
Patty Mills
53%
Alyssa Healy
51%
Dylan Alcott
51%
James Tedesco
49%
Ellyse Perry
43%
Ollie Wines
43%
Alex de Minaur
39%
Mathew Ryan
39%
Awer Mabil
29%
Adam Scott
27%
Liz Cambage
22%
Alexander Volkanovski
20%
Stephanie Gilmore
20%
Tayla Harris
18%
Ajla Tomljanovic
12%
Megan Anderson
8%
Neil Robertson
8%
No matching quizzes found
Score Distribution
Percent of People with Each Score
Percentile by Number Answered
Your Score History
You have not taken this quiz